00334 a2200133 450000100060000002000180000604000220002410000180004624000450006424500400010930000070014936200090015665000350016561892 a9780194233972 cAnchieta - Pituba aViney, Brigit10aThe history of the english languagelpor10aThe history of the english language a880 a2008 4aLiteratura juvenil em inglês